Cenové stratégie a cenotvorba vo firme diplomová práca

Uložené v:
Podrobná bibliografia
Hlavný autor: Szabóová, Tímea
Korporativný autor: Fakulta podnikového manažmentu EU. Katedra podnikovohospodárska
Ďalší autori: Fendeková, Eleonora, 1952-
Médium: Kniha
Jazyk:Slovak
Vydavateľské údaje: Bratislava 2011
Tagy: Pridať tag
Žiadne tagy, Buďte prvý, kto otaguje tento záznam!

MARC

LEADER 00000nbm a2200000 4500
001 0131593
005 20161109101717.2
041 0 |a slo 
044 |a SK 
245 1 0 |a Cenové stratégie a cenotvorba vo firme  |b diplomová práca  |c Tímea Szabóová ; školiteľ: Eleonora Fendeková 
264 1 |a Bratislava  |c 2011 
300 |a 66 s. 
100 1 |a Szabóová, Tímea 
700 1 |a Fendeková, Eleonora, 1952- 
710 2 |a Fakulta podnikového manažmentu EU. Katedra podnikovohospodárska